=LDR 00000nam 2200000 4500 =001 INLIS000000000006538 =005 20251111082409 =035 ##$$a 0010-1125000412 =007 ta =008 251111###########################0#ind## =082 ##$$a 362.7 =084 ##$$a 362.7 BAD p =100 #$$a Badan Koordinasi Keluarga Berencana Nasional =245 1#$$a Pengalaman Pelaksanaan BKB /$c Badan Koordinasi Keluarga Berencana Nasional =260 ##$$a Bogor :$b Badan Koordinasi Keluarga Berencana Nasional,$c 1993 =300 ##$$a 12 Hal : $b Ilus ; $c 21 =650 #4$$a Keluarga Berencana =856 ##$$a Perpustakaan Kemendukbangga